000 01186nam a22002777a 4500
999 _c12829
_d12829
003 AR-CdUCM
008 190410b ||||| |||| 00| 0 spa d
040 _aMUNICIPALIDAD PROVINCIAL DEL CUSCO
_cBIBLIOTECA MUNICIPAL DEL CUSCO
082 _a711.461 /
_bP644
100 _aPimentel Gurmendi, Victor
_930911
245 _aReglamentación Edilicia para la protección de la ciudad Histórica del Qosqo (Cusco) /
260 _aCusco :
_bMunicipalidad del Qosqo,
_c1991.
300 _a8 capítulos ;
_bMapas plegables, ilustraciones, imágenes, cuadros,
_c30 cm
500 _aNo contiene orden numérico correlativo.
505 _aContenido: Evolución histórica del Cusco -- Antecedentes de acciones, normas y planes que involucran al centro histórico de la ciudad del Qosqo -- Diagnostico urbano del centro histórico del Qosqo ...
650 _aReglamento
_913775
650 _aUrbanización
_95054
650 _aCentro histórico
_930912
650 _aCusco
_9772
650 _aSiglo XX
_98
700 _aCordova Aleman, Rogrigo
_930913
700 _aSoria Leon, Judith
_930914
700 _aMeza Zambrano, Patricia
_930915
942 _2ddc
_cLIBROS
945 _acmm
_d2019-04-10